Công nghệ chế biến sữa và các sản phẩm sữa
Gardado en:
| Autor Principal: | |
|---|---|
| Formato: | Libro |
| Idioma: | Undetermined |
| Publicado: |
H.
KHKT
2002,2002
|
| Những chủ đề: | |
| Các nhãn: |
Engadir etiqueta
Sen Etiquetas, Sexa o primeiro en etiquetar este rexistro!
|
| Thư viện lưu trữ: | Trung tâm Học liệu Trường Đại học Cần Thơ |
|---|
| LEADER | 00532nam a2200169Ia 4500 | ||
|---|---|---|---|
| 001 | CTU_48348 | ||
| 008 | 210402s9999 xx 000 0 und d | ||
| 082 | |a 637.1 | ||
| 082 | |b Th107 | ||
| 100 | |a LÊ THỊ LIÊN THANH | ||
| 245 | 0 | |a Công nghệ chế biến sữa và các sản phẩm sữa | |
| 245 | 0 | |c LÊ THỊ LIÊN THANH, Lê Văn Hoàng | |
| 260 | |a H. | ||
| 260 | |b KHKT | ||
| 260 | |c 2002,2002 | ||
| 650 | |a dairy products,milk production | ||
| 980 | |a Trung tâm Học liệu Trường Đại học Cần Thơ | ||